01331nab a2200265 a 450000500170000000700030001700800410002004000250006104100080008610000600009424500710015426401000022530000630032533600270038833700350041533800290045036200270047952102740050658600850078058600340086565000720089977300620097194200150103399900170104820250318124922.0ta250318e1995 dr |||pdr||||||0| 0 spa d aDO-SdBNPcBNPHUerda hspa aHaza, Ivonne, c"La Diva Dominicana".987231d1938-2022 aIvonne Haza : bquiero grabar su amplio repertorio /cIvonne Haza. aSanto Domingo, República Dominicana : bVetas : de la cultura dominicana y El Caribe, c1995. apáginas 5-8 : bilustraciones, fotografías ; c29 cm. atextobtxt2rdacontent asin mediación bn 2rdamedia avolumen bnc2rdacarrier aAño 2, no. 12, 1995. a"La única pena que tengo es que nunca he grabado. Quisiera, verdaderamente, poder dejar grabada una cantidad de canciones, con todo el repertorio que tengo, por ejemplo, Ivonne les canta a los niños. Ivonne canta criollas, Ivonne canta... todo ese tipo de cosas..." aOrden de los Dominicos de Duarte de Sánchez y Mella de República Dominicana. aOrden del Mérito de Italia. 0aMúsica92775vPublicaciones periódicas zRepública Dominicana0 0370289284146o37538-2-12-1tVetas :w(DO-SdBNP)000037538 2ddccISSUE c58460d58460